DNS ON WINDOWS 2000 (replaced) Windows 2000 DNS/ (Record no. 47131)

MARC details
000 -LEADER
fixed length control field 00523pam a2200181 a 4500
020 ## - INTERNATIONAL STANDARD BOOK NUMBER
Terms of availability
041 ## - LANGUAGE CODE
Language code of original
082 ## - DEWEY DECIMAL CLASSIFICATION NUMBER
Classification number 005.368 4
Item number ABE/KNI
100 ## - MAIN ENTRY--PERSONAL NAME
Personal name LARSON M. AND LIU C. (replaced ) Abell R.
245 ## - TITLE STATEMENT
Title DNS ON WINDOWS 2000 (replaced) Windows 2000 DNS/
Medium Textual Documents
250 ## - EDITION STATEMENT
Edition statement 01-01-2001.
260 ## - PUBLICATION, DISTRIBUTION, ETC.
Place of publication, distribution, etc. New Delhi:
Name of publisher, distributor, etc. SPD PUBLICATIONS (replaced) Techmedia.
300 ## - PHYSICAL DESCRIPTION
Extent XIV/334
500 ## - GENERAL NOTE
General note 4314
653 ## - INDEX TERM--UNCONTROLLED
Uncontrolled term SOFTWARE ENGINEERING (T.E.-II)
700 ## - ADDED ENTRY--PERSONAL NAME
Personal name Knief H.
-- Daniels A.
-- Graham J.
930 ## - EQUIVALENCE OR CROSS-REFERENCE-UNIFORM TITLE HEADING [LOCAL, CANADA]
Uniform title 3906
Holdings
Withdrawn status Lost status Damaged status Not for loan Collection Home library Current library Shelving location Date acquired Source of acquisition Cost, normal purchase price Total Checkouts Full call number Barcode Date last seen Copy number Price effective from Koha item type
        EWP College of Engineering for Women, Pune College of Engineering for Women, Pune F-ROW-11:CUP-42 25/07/2002 COLLEGE BOOK DEPOT, 275.00   005.368 4 ABE/KNI EWP-3964 24/02/2023 1 24/02/2023 Book